00788nam a22002177a 4500003000400000008004100004020001500045082001400060100001900074245011900093260004000212300001000252650003400262650005000296650002500346700002100371700002300392942001200415999001700427952012600444OSt250220b |||||||| |||| 00| 0 eng d a503000033x a660bK97B aKutepov, A. M. aBasic Chemical Engineering with Practical Applications : cby A. M. Kutepov, T. I. Bondareva and M. G. Berengarten a.- Moscoeb: Mir Publishersc, 1988 a464p. aTechnology (Applied Sciences) aChemical Engineering and Related Technologies aChemical Engineering aBondareva, T. I. aBerengarten, M. G. 2ddccDB c47530d47530 00102ddc4070aRAUbRAUd2025-02-20eDonated by K. M. Singh, PGCAl0o660 K97Bp81673r2025-02-20w0000-00-00yDBkGift